000 00509 a2200229 4500
260 _aParis
630 _a659 - Publicité. Relations publiques
037 _b1, Achat
650 _a6 - SCIENCES APPLIQUEES
100 _aLeduc, Robert
260 _bDunod
245 _aLa publicité : une force au service de l'entreprise
300 _a375 p.
650 _aPublicité
260 _c1970
300 _b24cm
100 _lFr
037 _a6949
250 _a2e éd.
999 _c41884
_d41884